| 000 | 00000nam 2200000zi 4500 |
| 001 | 9.903437 |
| 003 | CaOODSP |
| 005 | 20221107180242 |
| 006 | m o d f |
| 007 | cr bn||||||||| |
| 008 | 210920t19991999onca o f100 0 fre d |
| 020 | |a066264039X |q(imprimé) |
| 040 | |aCaOODSP|bfre|erda|cCaOODSP |
| 043 | |an-cn--- |
| 086 | 1 |aC21-406/1999F-PDF |
| 086 | 1 |aC21-406/1999 |
| 111 | 2 |aRéussir sur les marches mondiaux : le partinariat est la solution |d(1998 : |cOttawa, Ont.) |
| 245 | 10|aRéussir sur les marches mondiaux : |ble partinariat est la solution : rapport de la conférence. |
| 264 | 1|aOttawa (Ontario) : |bDirection générale du secteur des services et grands projets, Industrie Canada, |c1999. |
| 264 | 4|c©1999 |
| 300 | |a1 ressource en ligne (1 volume (pagination multiple)) : |billustrations |
| 336 | |atexte|btxt|2rdacontent/fre |
| 337 | |ainformatique|bc|2rdamedia/fre |
| 338 | |aressource en ligne|bcr|2rdacarrier/fre |
| 500 | |aPublié aussi en anglais sous le titre : Winning at Global Infrastructure Markets : Solutions Through Partnership : conference report. |
| 500 | |a« Centre des congrès d'Ottawa, les 14 et 15 septembre 1998. » |
| 500 | |a« Janvier 1999. » |
| 500 | |aÉdition numérisée de l'imprimé [par Innovation, sciences et développement économique Canada]. |
| 650 | 6|aInfrastructure (Économie politique)|vCongrès. |
| 650 | 6|aPartenariat public-privé|vCongrès. |
| 650 | 6|aInvestissements canadiens|vCongrès. |
| 655 | 7|aActes de congrès|2rvmgf |
| 710 | 1 |aCanada. |bSecteur des services et grands projets, |eorganisme de publication. |
| 775 | 08|tWinning at Global Infrastructure Markets : |w(CaOODSP)9.903438 |
| 856 | 40|qPDF|s2.70 Mo|uhttps://publications.gc.ca/collections/collection_2021/isde-ised/c21/C21-406-1999-fra.pdf |